Statistiques concernant Actors who play roles with Leonardo DiCaprio

Cliquez ici pour prendre le quiz!

Statistiques générales

  • Ce quiz a été pris 49 fois
    (35 depuis la dernière actualisation)
  • Le résultat moyen est 13 sur 100

Statistiques - réponses

HintRéponse% Correct
Catch Me If You Can
Hell's Club Part 2. Another Night
Tom Hanks
85%
The Audition
Once Upon a Time.... in Hollywood
Brad Pitt
78%
The Wolf of Wall Street
Once Upon a Time.... in Hollywood
Margot Robbie
67%
Titanic
Revolutionary Road
Kate Winslet
59%
Django UnchainedJamie Foxx
56%
The DepartedMatt Damon
52%
Django Unchained
The Wolf of Wall Street
Don't Look Up
Jonah Hill
48%
Django UnchainedSamuel L. Jackson
48%
Django UnchainedChristoph Waltz
44%
Shutter IslandMark Ruffalo
41%
Don't Look UpJennifer Lawrence
37%
Inception
The Revenant
Tom Hardy
37%
The DepartedJack Nicholson
33%
Romeo + JulietClaire Danes
30%
Gangs of New YorkDaniel Day-Lewis
30%
The Basketball Diaries
The Departed
Mark Wahlberg
30%
This Boy's Life
Don's Plum
The Great Gatsby
Tobey Maguire
30%
Once Upon a Time.... in HollywoodAustin Butler
26%
Aviator
Don't Look Up
Cate Blanchett
26%
What's Eating Gibert Grape
Hell's Club Part 2. Another Night
Johnny Depp
26%
InceptionJoseph Gordon-Levitt
26%
The Wolf of Wall StreetMatthew McConaughey
26%
Marvin's Room
Don't Look Up
Meryl Streep
26%
TitanicBilly Zane
19%
Catch Me If You CanChristopher Walken
19%
The Wolf of Wall StreetJean Dujardin
19%
Django UnchainedKerry Washington
19%
Once Upon a Time.... in HollywoodMargaret Qualley
19%
Catch Me If You Can
The Departed
Martin Sheen
19%
This Boy's Life
Marvin's Room
The Audition
Hell's Club Part 2. Another Night
Robert De Niro
19%
Shutter IslandBen Kingsley
15%
Once Upon a Time.... in HollywoodDakota Fanning
15%
Blood DiamondDjimon Hounsou
15%
InceptionElliot Page
15%
Shutter IslandMichelle Williams
15%
Catch Me If You CanAmy Adams
11%
Django Unchained
Once Upon a Time.... in Hollywood
Bruce Dern
11%
Gangs of New YorkCameron Diaz
11%
The Great GatsbyCarey Mulligan
11%
Django UnchainedDon Johnson
11%
Catch Me If You CanJennifer Garner
11%
Titanic
Revolutionary Road
Kathy Bates
11%
InceptionKen Watanabe
11%
The Quick and the Dead
Body of Lies
Russell Crowe
11%
Django UnchainedWalton Goggins
11%
Aviator
The Departed
Alec Baldwin
7%
Once Upon a Time.... in HollywoodLuke Perry
7%
The DepartedVera Farmiga
7%
The AviatorAlan Alda
4%
TitanicBill Paxton
4%
The RevenantDomhnall Gleeson
4%
The Great GatsbyJoel Edgerton
4%
What's Eating Gilbert Grape
Gangs of New York
Aviator
John C. Reilly
4%
The Wolf of Wall StreetJon Bernthal
4%
AviatorKate Beckinsale
4%
Catch Me If You CanNathalie Baye
4%
The Wolf of Wall StreetRob Reiner
4%
Once Upon a Time.... in HollywoodTimothy Olyphant
4%
Django Unchained
Once Upon a Time.... in Hollywood
Zoe Bell
4%
Blood Diamond
Django Unchained
Ato Essandoh
0%
TitanicBernard Hill
0%
Catch Me If You CanBrian Howe
0%
The Wolf of Wall StreetBrian Sacca
0%
Catch Me If You CanChris Ellis
0%
The Wolf of Wall StreetCristin Milioti
0%
J. Edgar
Once Upon a Time.... in Hollywood
Damon Herriman
0%
Django UnchainedDana Gourrier
0%
Django Unchained
Once Upon a Time.... in Hollywood
David Steen
0%
TitanicDavid Warner
0%
Django UnchainedDennis Christopher
0%
InceptionDileep Rao
0%
Celebrity
Revolutionary Road
Dylan Baker
0%
The Aviator
The Wolf of Wall Street
Edward Herrmann
0%
Once Upon a Time.... in HollywoodEmile Hirsch
0%
Don's Plum
The Wolf of Wall Street
Ethan Suplee
0%
TitanicFrances Fisher
0%
TitanicGloria Stuart
0%
Gangs of New YorkHenry Thomas
0%
The Wolf of Wall StreetHenry Zebrowski
0%
Catch Me If You CanJames Brolin
0%
Django Unchained
Once Upon a Time.... in Hollywood
James Remar
0%
The Aviator
The Departed
The Wolf of Wall Street
J.C. MacKenzie
0%
Romeo + JulietJesse Bradford
0%
Gangs of New YorkJim Broadbent
0%
The Wolf of Wall StreetJoanna Lumley
0%
Once Upon a Time.... in HollywoodJulia Butters
0%
What's Eating Gibert Grape
The Basketball Diaries
Juliette Lewis
0%
The Wolf of Wall StreetKenneth Choi
0%
The Wolf of Wall StreetKyle Chandler
0%
Django UnchainedLaura Cayouette
0%
Inception
The Revenant
Lukas Haas
0%
Shutter IslandMax von Sydow
0%
Once Upon a Time.... in HollywoodMike Moh
0%
Django UnchainedNichole Galicia
0%
Romeo + Juliet
Inception
Pete Postlethwaite
0%
The Wolf of Wall StreetP.J. Byrne
0%
Titanic
Gangs of New York
Richard Graham
0%
Don't Look UpRob Morgan
0%
Roseanne
Poison Ivy
Sara Gilbert
0%
TitanicVictor Garber
0%

Distribution des résultats

Percentile par nombre de réponses

% des personnes avec chaque résultat

Votre développement - résultats

Vous n’avez pas pris ce quiz depuis la dernière actualisation